00787nam a22002057a 4500999001900000005001700019010001500036020002800051035001400079037001300093082001000106100001400116245010600130260006200236270006100298300002400359500005000383942002400433952012400457 c168506d16850620210909152740.0 aENG-126652 a97889352904044c1595.00 aEN-110184 bDBAD/PUB a305.4 aLal, Ruby aIn pursuit of playfulness :bthe girl-child/woman and nineteenth-century India /cby Deepak Kesarwani aNew DelhibPrimus Books, An imprint of Ratna Sagar c2019 aVirat BhavanbMukherjee Nagar Commercial Complexe110009 axvi;229p.c24cm(Hb) aIncludes bibliographical references and index 2ddccENh305.4mLAL 001040708NFICaZLSbZLSd2019-10-11eDBAD/PUBg1595.00l0o305.4 LALpEN-110184r2019-10-11 00:00:00t1v1595.00yEN